000 00530nam a2200193Ia 4500
005 20250508160459.0
008 008 250505s9999 xx 000 0 eng d
037 _aTextual
040 _aFEDL
_beng
_cFEDL
041 _aeng
_2eng
084 _a371.39, RUF
_qFEDL
100 _aRufsvold Margaret I
245 0 _aGuides to newer educational media
250 _a2nd
260 _aChicago, USA
_bAmerican Library Association
_c1967
300 _a61p.
942 _cTEXL
_h371.39, RUF
999 _c1364870
_d1364870